00487nam a2200157Ia 4500008004100000040001900041041001200060082002800072100001700100245009000117260002800207300002600235650002100261700003700282850001000319131103s9999 xx 000 0 und d aLoreto College aEnglish a378.42/ROBbLCLIB/26111 aRobbins,Lord 4aThe University in the modern world and other papers on higher educationcLord Robbins aLondonbMacmillanc1966 axiii,157 p. c 22 cm. aHigher Education aGreat Britain - Higher Education aLCLIB